000 00366nam a2200181Ia 4500
005 20251020182553.0
008 200515s9999 xx 000 0 und d
082 _aR/658.87/I59/1995
110 _aInri
245 0 _aGuía Inri
260 _aLima
260 _c1995
300 _a616
650 _aGUIAS
650 _aLIB
650 _aPUB INEI
942 _cLIB
999 _c2799
_d2799